| 000 | 00435 a2200181 4500 | ||
|---|---|---|---|
| 245 | _aCours de contrĂ´le de gestion : fascicule 1 | ||
| 300 | _a121 p. | ||
| 650 | _aGestion : contrĂ´le | ||
| 300 | _b29cm | ||
| 100 | _lFr | ||
| 630 | _a658 - Gestion commerciale | ||
| 037 | _aDe 2239 | ||
| 037 | _b1 , Don de l'auteur | ||
| 650 | _a6 - SCIENCES APPLIQUEES | ||
| 100 | _aKissezounon, Vincent Cossi | ||
| 999 |
_c41897 _d41897 |
||